000 01835nam a2200373 c 4500
999 _c137403
_d137403
003 BLK
005 20201009153901.0
008 180409b bul|||||r ||||||| ||bul||
010 _aKNG00143373000
040 _aBLK
041 _aBUL
_cBUL
072 7 _2bullib
_aЦ
_xРедки и ценни
080 _aОбща история на христианската църква
_b27
_z27
080 _aРелигиозни гонения. Мъченици. Схизми. Ереси. Гностицизъм, агностицизъм, арианство, янсенизъм, исихазъм. Вж и 165.73; 211.5
_b272/273
_z272/273
100 1 _aПоппов, Г.
_eпърви автор
_9112527
139 _aПопов, Г.
_bП 76
245 1 0 _aНяколко черти от живота на мъчениците в първите времена на християнството
_c* Г. Попов; Г. Поппов.
257 _aBGR
260 _c1893
_fКарнобат : скоропеч. на бр. С. Чаталбашеви
_aКарнобат
300 _a26 с.
_c17 см
380 _a2
490 _9435080
_aКолекция Редки и ценни издания
500 _aЗагл. Неколко черти от живота на мъчениците в първине времена на християнството. - Екз. с инв. № 767363 подв. към Васил Евстатиев Априлов със сигн. Рб 889 и инв. № 8703/57.
650 4 _aХристиянство - история
_9243401
650 4 _aМъченичество
_9163128
653 _aхристиянство
653 _aмъченици
659 _aЦ
700 1 _aПопов, Г.
_e*
_9320078
852 _aРб 889
_bРц
856 4 _qpdf
856 4 _qpdf
942 _cKNG
_n0
_s1
944 _aCR
_c31.05.2013
_lф / 31.05.2013
_kЛюдмила_Стоянова
944 _aED
_c04.11.2013
_lф / 31.05.2013
999 _d137403
999 _d137403